000 00738nam a2200253Ia 4500
003 OSt
005 20220918201326.0
006 a|||||r|||| 00| 0
007 ta
008 220917b |||||||| |||| 00| 0 eng d
024 _a93,140
037 _cTextual
040 _aARTS
_cARTS
_beng
041 _2eng
_aeng
082 _aV1:594x1,N1, L6
100 _aHart Basil Liddell
_998142
245 0 _aSword and the pen
_b Selections from the world's greatest military writing Ed . by Adrian L. Hart
260 _aLondon
_bCassell
_c1976
300 _a281p.
_ccm.
500 _aBibliography p275--282
650 _aHISTORY
942 _hV1:594x1,N1, L6
_cTEXL
_2CC
999 _c216788
_d216788